V. I. Lê Nin : Toàn tập

Sách tập hợp các bức thư, thư ngắn, điện báo viết từ tháng Mười một 1921 đến tháng Ba 1923 nêu bật công tác to lớn của V. I. Lênin trong việc lãnh đạo Đảng Cộng sản nhà nước Xô viết, lãnh đạo công cuộc xây dựng CNXH ở Nga...

ver descrição completa

Na minha lista:
Detalhes bibliográficos
Autor principal: Lenin, Vladimir Ilyich
Formato: Livro
Idioma:Undetermined
Publicado em: Moscow Tiến Bộ 1978
Assuntos:
Tags: Adicionar Tag
Sem tags, seja o primeiro a adicionar uma tag!
Thư viện lưu trữ: Trung tâm Học liệu Trường Đại học Cần Thơ
LEADER 00894nam a2200217Ia 4500
001 CTU_25822
008 210402s9999 xx 000 0 und d
020 |c 112000 
082 |a 335.43 
082 |b L563/T.54 
100 |a Lenin, Vladimir Ilyich 
245 0 |a V. I. Lê Nin : 
245 0 |b Toàn tập 
245 0 |c Vladimir Ilyich Lenin 
260 |a Moscow 
260 |b Tiến Bộ 
260 |c 1978 
520 |a Sách tập hợp các bức thư, thư ngắn, điện báo viết từ tháng Mười một 1921 đến tháng Ba 1923 nêu bật công tác to lớn của V. I. Lênin trong việc lãnh đạo Đảng Cộng sản nhà nước Xô viết, lãnh đạo công cuộc xây dựng CNXH ở Nga 
650 |a Communism 
904 |i Minh, H.Mai 
980 |a Trung tâm Học liệu Trường Đại học Cần Thơ